00537nam a2200193 a 4500001001300000003000900013005001700022008004100039020001300080082001500093100002100108245007600129260003700205300000900242500003500251505001700286650001900303700002100322nice12345678IN_TiNIC20260116012050.0050524s1967 lona grp 000 0 eng  ac296.3800a248.4bREI aReindorp, George aWhat About You? Plain Statement of the Christian Faith, It Difficulties aLondonbHodder & Stoughtonc1967 a128p aincludes index and biblioraphy2 aBibliography aChristian-Life1 aReindorp, George